Văn nghệ dân gian Hà Tây

Giới thiệu những bài nghiên cứu về lịch sử, danh nhân, lễ hội cổ truyền, diễn xướng dân gian, di tích lịch sử văn hoá và ẩm thực dân gian của vùng đất Hà Tây

Na minha lista:
Detalhes bibliográficos
Outros Autores: Dương Kiều Minh, Đoàn Công Hoạt, Minh Nhương, Yên Giang
Formato: Livro
Idioma:Vietnamese
Publicado em: H. Văn hoá dân tộc 2011
Assuntos:
Tags: Adicionar Tag
Sem tags, seja o primeiro a adicionar uma tag!
Thư viện lưu trữ: Mạng thư viện Đại học Đà Nẵng
LEADER 01624aam a22004098a 4500
001 000015854
003 12238
005 20120605150648.0
008 120605s2011 viesd
020 |a 9786047000739  |d 2000b 
041 0 |a vie 
082 1 4 |2 14  |a 390.0959732  |b Văn 
245 0 0 |a Văn nghệ dân gian Hà Tây  |c Dương Kiều Minh, Yên Giang, Minh Nhương, Đoàn Công Hoạt 
260 |a H.  |b Văn hoá dân tộc  |c 2011 
300 |a 847tr.  |c 21cm 
500 |a ĐTTS ghi: Hội Văn nghệ dân gian Việt Nam 
504 |a Thư mục: tr. 842-843 
520 |a Giới thiệu những bài nghiên cứu về lịch sử, danh nhân, lễ hội cổ truyền, diễn xướng dân gian, di tích lịch sử văn hoá và ẩm thực dân gian của vùng đất Hà Tây 
650 7 |2 Bộ TK TVQG  |a Văn hoá dân gian 
650 7 |2 Bộ TK TVQG  |a Văn nghệ dân gian 
650 7 |2 Bộ TK TVQG  |a Phong tục cổ truyền 
651 7 |2 Bộ TK TVQG  |a Hà Tây 
651 7 |2 Bộ TK TVQG  |a Việt Nam 
700 1 |a Dương Kiều Minh 
700 1 |a Đoàn Công Hoạt 
700 0 |a Minh Nhương 
700 0 |a Yên Giang 
OWN |a LSP 
AVA |a UDN50  |b LSP  |d 390.0959732 Văn  |e available  |t Error 5001 Not defined in file expand_doc_bib_avail.  |f 1  |g 0  |h N  |i 0  |k 1 
999 |a From the UDN01 
AVA |a UDN50  |b LSP  |d 390.0959732 Văn  |e available  |t Error 5001 Not defined in file expand_doc_bib_avail.  |f 1  |g 0  |h N  |i 0  |k 1 
TYP |a Monograph 
TYP |a Printed language 
980 |a Mạng thư viện Đại học Đà Nẵng